[Event "4. Bayer Open"]
[Site "Leverkusen"]
[Date "2007.01.08"]
[Round "1"]
[White "Wolfradt, Dirk"]
[Black "Waraczynski, Herbert"]
[Result "1-0"]
[WhiteElo "2035"]
[BlackElo "1450"]
[PlyCount "41"]
[EventDate "2007.??.??"]
[EventType "swiss"]
[EventRounds "7"]
[EventCountry "GER"]
[Source "Manfred Birnkot"]
[SourceDate "2007.03.26"]

1. e4 d6 2. d4 Nf6 3. Nc3 c6 4. f3 g6 5. Bc4 Bg7 6. Be3 b5 7. Bb3 Bb7 8. Qd2 h5
9. Nh3 a5 10. a4 b4 11. Ne2 Nbd7 12. O-O e5 13. dxe5 Nxe5 14. Rad1 Ba6 15. Rfe1
Qd7 16. Qxd6 Nxf3+ 17. gxf3 Qxh3 18. Qxc6+ Nd7 19. Qxa8+ Ke7 20. Qxa6 Qxf3 21.
Qd6+ 1-0

[Event "4. Bayer Open"]
[Site "Leverkusen"]
[Date "2007.01.08"]
[Round "1"]
[White "van Hove, Ode"]
[Black "Lommen, Frank"]
[Result "1/2-1/2"]
[WhiteElo "1524"]
[BlackElo "2033"]
[PlyCount "49"]
[EventDate "2007.??.??"]
[EventType "swiss"]
[EventRounds "7"]
[EventCountry "GER"]
[Source "Manfred Birnkot"]
[SourceDate "2007.03.26"]

1. e4 c5 2. d4 cxd4 3. c3 g6 4. cxd4 d5 5. e5 Nc6 6. Be3 Nh6 7. h3 Nf5 8. Qd2
Nxe3 9. fxe3 Bf5 10. Nc3 Bh6 11. Bb5 O-O 12. Nge2 Qb6 13. Bxc6 bxc6 14. Na4 Qb5
15. Nc5 Rab8 16. b3 f6 17. e6 Rfd8 18. g4 Be4 19. O-O Qb4 20. Qc1 Qa5 21. Ng3
Qc7 22. Qe1 Qd6 23. Rd1 Bg5 24. Ngxe4 dxe4 25. Nxe4 1/2-1/2

[Event "4. Bayer Open"]
[Site "Leverkusen"]
[Date "2007.01.08"]
[Round "1"]
[White "Birnkott, Manfred"]
[Black "Azimi, Reza"]
[Result "1-0"]
[WhiteElo "1905"]
[BlackElo "1437"]
[PlyCount "97"]
[EventDate "2007.??.??"]
[EventType "swiss"]
[EventRounds "7"]
[EventCountry "GER"]
[Source "Manfred Birnkot"]
[SourceDate "2007.03.26"]

1. e4 c5 2. Nf3 a6 3. d4 cxd4 4. Nxd4 e6 5. c4 Nc6 6. Be3 g6 7. Nc3 Bg7 8. Qd2
Nf6 9. Be2 d6 10. O-O O-O 11. Rfd1 Ne8 12. Nb3 b6 13. c5 bxc5 14. Nxc5 dxc5 15.
Qxd8 Nxd8 16. Rxd8 Nf6 17. Rad1 Rxd8 18. Rxd8+ Bf8 19. Bxc5 Bb7 20. Rxa8 Bxa8
21. Bxf8 Kxf8 22. Bxa6 Nxe4 23. Nxe4 Bxe4 24. f3 Bd5 25. a4 Ke7 26. b4 Kd6 27.
Kf2 f5 28. Ke3 e5 29. Bd3 Kc6 30. Kd2 e4 31. fxe4 fxe4 32. Bb5+ Kb6 33. Ke3 g5
34. Bd7 h5 35. a5+ Ka6 36. Kd4 Ba8 37. Bf5 e3 38. Kxe3 Bxg2 39. Bd3+ Ka7 40. b5
h4 41. b6+ Kb8 42. a6 Bc6 43. Be4 Bxe4 44. Kxe4 g4 45. Kf4 g3 46. hxg3 h3 47.
Kf3 Ka8 48. g4 Kb8 49. g5 1-0

[Event "4. Bayer Open"]
[Site "Leverkusen"]
[Date "2007.01.08"]
[Round "1"]
[White "Gnass, Arno"]
[Black "Schreiber, Gudrun"]
[Result "1-0"]
[WhiteElo "1783"]
[BlackElo "1311"]
[PlyCount "107"]
[EventDate "2007.??.??"]
[EventType "swiss"]
[EventRounds "7"]
[EventCountry "GER"]
[Source "Manfred Birnkot"]
[SourceDate "2007.03.26"]

1. d4 Nf6 2. c4 g6 3. Nc3 Bg7 4. e4 d6 5. Nf3 O-O 6. Be2 e5 7. d5 a5 8. O-O Na6
9. h3 Nc5 10. Qc2 Ne8 11. Be3 b6 12. a3 f5 13. Bxc5 bxc5 14. Bd3 f4 15. Rab1 g5
16. Rfe1 g4 17. hxg4 Bxg4 18. Nh2 Qg5 19. Nxg4 Qxg4 20. f3 Qg5 21. b4 axb4 22.
axb4 cxb4 23. Rxb4 h5 24. Ra4 Rxa4 25. Qxa4 h4 26. Qd7 Qg3 27. Re2 Qg6 {
Schwarz bietet Remis an.} 28. Qh3 Bf6 29. Nd1 Kg7 30. Nf2 Rf7 31. Qg4 Qxg4 32.
Nxg4 Bg5 33. Rc2 Nf6 34. Nf2 Nd7 35. Rb2 Kh6 36. Ra2 Rg7 37. Bf1 Nc5 38. Ra8
Kh7 39. Rc8 Kg6 40. Ng4 Nb3 41. Kf2 Rh7 42. Ke2 Nc5 43. Kd2 Kh5 44. Nf2 Nb3+
45. Kc3 Nc5 46. Kb4 Rd7 47. Kb5 Rd8 48. Rxd8 Bxd8 49. Kc6 Na6 50. Nd3 Kg5 51.
Kb7 Nc5+ 52. Nxc5 dxc5 53. Kc8 Be7 54. Kxc7 1-0

[Event "4. Bayer Open"]
[Site "Leverkusen"]
[Date "2007.01.08"]
[Round "1"]
[White "Liebsch, Conrad"]
[Black "Ziabari, Morteza"]
[Result "0-1"]
[WhiteElo "1270"]
[BlackElo "1880"]
[PlyCount "84"]
[EventDate "2007.??.??"]
[EventType "swiss"]
[EventRounds "7"]
[EventCountry "GER"]
[Source "Manfred Birnkot"]
[SourceDate "2007.03.26"]

1. e4 d6 2. Nf3 Nf6 3. Nc3 c6 4. d4 Qc7 5. Bc4 b5 6. Bb3 b4 7. Ne2 Nxe4 8. Qd3
f5 9. Qc4 d5 10. Qxb4 e6 11. Qa4 Bd6 12. c4 Bd7 13. c5 Be7 14. Ne5 $2 Nxc5 15.
dxc5 Qxe5 16. Qb4 Qc7 17. Bf4 e5 18. Bc1 $2 Na6 19. Qc3 Nxc5 20. Bc2 O-O 21.
O-O d4 22. Qd2 Ne4 23. Qe1 Nf6 24. Ng3 e4 25. Bb3+ Kh8 26. Bd2 c5 27. Rc1 f4
28. Nxe4 Nxe4 29. Qxe4 Bc6 30. Bd5 Bxd5 31. Qxd5 f3 32. g3 Rad8 33. Qe4 Qd7 34.
Kh1 Qh3 35. Rg1 Rde8 36. Rce1 h6 37. Bf4 Qg4 38. Qb7 Bf6 39. Qxa7 Re2 40. Qxc5
Rc8 41. Qb4 Rxf2 42. Be3 Rxh2+ $1 0-1

[Event "4. Bayer Open"]
[Site "Leverkusen"]
[Date "2007.01.08"]
[Round "1"]
[White "Schläfer, Roland"]
[Black "Teuber, Alfons"]
[Result "1-0"]
[WhiteElo "1973"]
[BlackElo "1150"]
[PlyCount "55"]
[EventDate "2007.??.??"]
[EventType "swiss"]
[EventRounds "7"]
[EventCountry "GER"]
[Source "Manfred Birnkot"]
[SourceDate "2007.03.26"]

1. e4 e5 2. d4 exd4 3. Qxd4 Nc6 4. Qe3 d6 5. Nc3 a6 6. Bd2 Nf6 7. O-O-O Be6 8.
f4 Ng4 9. Qe1 Be7 10. h3 Nh6 11. g4 Bh4 12. Qe3 b5 13. g5 Ng8 14. Nf3 Bg3 15.
Rg1 Bxf4 16. Qxf4 g6 17. Nd5 Ra7 18. Bc3 Ne5 19. Nxe5 dxe5 20. Bxe5 c6 21. Nf6+
Nxf6 22. Rxd8+ Kxd8 23. Qxf6+ Re7 24. Qxh8+ Kd7 25. Qb8 Bxa2 26. Qd6+ Ke8 27.
Bf6 Rd7 28. Qb8+ 1-0

[Event "4. Bayer Open"]
[Site "Leverkusen"]
[Date "2007.01.08"]
[Round "1"]
[White "Reiter, Ute"]
[Black "Wirths, Clara"]
[Result "0-1"]
[WhiteElo "1086"]
[BlackElo "1901"]
[PlyCount "68"]
[EventDate "2007.??.??"]
[EventType "swiss"]
[EventRounds "7"]
[EventCountry "GER"]
[Source "Manfred Birnkot"]
[SourceDate "2007.03.26"]

1. e4 c5 2. Nf3 d6 3. d4 cxd4 4. Nxd4 Nf6 5. Nc3 a6 6. Bc4 e6 7. O-O b5 8. Bd3
Bb7 9. Re1 Nbd7 10. Bg5 Be7 11. f4 $2 Qb6 12. Nce2 e5 13. fxe5 dxe5 14. Be3
exd4 15. Nxd4 Bc5 16. c3 O-O 17. Qd2 Ng4 18. b4 Bxd4 19. Bxd4 Qc7 20. g3 Nge5
21. Kf2 Nxd3+ 22. Qxd3 Ne5 23. Bxe5 Qxe5 24. Rad1 Rac8 25. Rc1 Rc4 26. Qd7 Bxe4
27. Rcd1 Qxc3 28. Rxe4 Rxe4 29. Qd5 Qf6+ 30. Kg2 Re2+ 31. Kh3 Qf2 32. Qh1 Qf5+
33. g4 Re3+ 34. Kh4 g5+ 0-1

[Event "4. Bayer Open"]
[Site "Leverkusen"]
[Date "2007.01.08"]
[Round "1"]
[White "Glaser, Steffen"]
[Black "Liebsch, Felix"]
[Result "1-0"]
[WhiteElo "1936"]
[BlackElo "1008"]
[PlyCount "73"]
[EventDate "2007.??.??"]
[EventType "swiss"]
[EventRounds "7"]
[EventCountry "GER"]
[Source "Manfred Birnkot"]
[SourceDate "2007.03.26"]

1. e4 e5 2. Nf3 Nc6 3. Bb5 d6 4. O-O Nf6 5. d4 exd4 6. Nxd4 Bd7 7. Re1 Be7 8.
Nc3 O-O 9. Nf5 Bxf5 10. exf5 a6 11. Be2 Qd7 12. g4 h6 13. Bf3 Rfe8 14. Bf4 Bf8
15. Ne4 Nxe4 16. Bxe4 Rad8 17. Qd2 Re7 18. f3 Rde8 19. f6 gxf6 20. Bxh6 d5 21.
Bf5 Bxh6 22. Rxe7 Qxe7 23. Qxh6 Qe3+ 24. Qxe3 Rxe3 25. Kf2 d4 26. Be4 Nb4 27.
Rd1 c5 28. a3 Nc6 29. c3 Kg7 30. cxd4 cxd4 31. Bxc6 bxc6 32. Rxd4 Rb3 33. Rb4
Rd3 34. Ke2 Rd6 35. Re4 c5 36. Rc4 Rc6 37. b4 1-0

[Event "4. Bayer Open"]
[Site "Leverkusen"]
[Date "2007.01.08"]
[Round "1"]
[White "Schmitz, Andreas"]
[Black "Kurochkin, Dimitry"]
[Result "1-0"]
[WhiteElo "1880"]
[BlackElo "884"]
[PlyCount "63"]
[EventDate "2007.??.??"]
[EventType "swiss"]
[EventRounds "7"]
[EventCountry "GER"]
[Source "Manfred Birnkot"]
[SourceDate "2007.03.26"]

1. Nf3 Nc6 2. d4 d5 3. e3 Bf5 4. a3 Nf6 5. c4 e6 6. Nc3 a6 7. Qb3 b6 8. cxd5
exd5 9. Be2 Bd6 10. Bd2 Qd7 11. Nxd5 Be6 12. Nxf6+ gxf6 13. d5 Bg4 14. dxc6
Qxc6 15. Rc1 Qe4 16. Qc4 Qf5 17. h3 b5 18. Qxg4 Qxg4 19. hxg4 O-O-O 20. Nd4 Be5
21. Bc3 c5 22. Nc6 Rde8 23. Bxe5 fxe5 24. Rxc5 Kb7 25. Nxe5 Rc8 26. Rxc8 Rxc8
27. Kd2 f6 28. Rxh7+ Kb6 29. Nd3 Ka5 30. Bd1 Rd8 31. Rb7 Ra8 32. b4# 1-0

[Event "4. Bayer Open"]
[Site "Leverkusen"]
[Date "2007.01.08"]
[Round "1"]
[White "Leclaire, Ingrid"]
[Black "Pützkaul, Karl"]
[Result "0-1"]
[WhiteElo "782"]
[BlackElo "1874"]
[PlyCount "50"]
[EventDate "2007.??.??"]
[EventType "swiss"]
[EventRounds "7"]
[EventCountry "GER"]
[Source "Manfred Birnkot"]
[SourceDate "2007.03.26"]

1. d3 d5 2. b3 e5 3. Bb2 Nc6 4. Nf3 f6 5. e3 Bb4+ 6. Nbd2 Be6 7. c3 Bd6 8. Be2
Nge7 9. g3 Qd7 10. a3 O-O 11. O-O Bh3 12. Re1 Rad8 13. a4 a5 14. Rc1 Ng6 15.
Qc2 Nce7 16. Red1 Bg4 17. h3 Bxh3 18. c4 c6 19. Bc3 b6 20. Rb1 c5 21. e4 d4 22.
Bb2 Nf4 23. Re1 Neg6 24. gxf4 Qg4+ 25. Kh1 Qg2# 0-1

[Event "4. Bayer Open"]
[Site "Leverkusen"]
[Date "2007.01.22"]
[Round "2"]
[White "Werner, Michael"]
[Black "Rotstein, Jefim"]
[Result "0-1"]
[WhiteElo "1975"]
[BlackElo "2269"]
[PlyCount "74"]
[EventDate "2007.??.??"]
[EventType "swiss"]
[EventRounds "7"]
[EventCountry "GER"]
[Source "Manfred Birnkot"]
[SourceDate "2007.03.26"]

1. d4 f5 2. e4 fxe4 3. Nc3 Nf6 4. Bg5 c6 5. f3 d5 6. fxe4 dxe4 7. Qd2 Bf5 8.
Nge2 Nbd7 9. O-O-O e6 10. Ng3 h6 11. Be3 Bb4 12. a3 Bxc3 13. Qxc3 Nd5 14. Qd2
Nxe3 15. Qxe3 Qg5 16. Qxg5 hxg5 17. Bc4 Ke7 18. h3 Raf8 19. Rhe1 Rh4 20. Bb3 g4
21. hxg4 Rxg4 22. Re3 Nf6 23. c4 Rf4 24. d5 cxd5 25. cxd5 Rc8+ 26. Kb1 exd5 27.
Bxd5 Rd8 28. Bb3 Rxd1+ 29. Bxd1 Bd7 30. Bb3 Bc6 31. Ne2 Rf2 32. Nd4 Kd6 33. Rg3
Ke5 34. Nxc6+ bxc6 35. Rxg7 e3 36. Rxa7 e2 37. Re7+ Kd4 0-1

[Event "4. Bayer Open"]
[Site "Leverkusen"]
[Date "2007.01.22"]
[Round "2"]
[White "Khanukov, Boris"]
[Black "Buchkremer, Felix"]
[Result "1/2-1/2"]
[WhiteElo "2297"]
[BlackElo "2051"]
[PlyCount "80"]
[EventDate "2007.??.??"]
[EventType "swiss"]
[EventRounds "7"]
[EventCountry "GER"]
[Source "Manfred Birnkot"]
[SourceDate "2007.03.26"]

1. d4 f5 2. g3 Nf6 3. Bg2 g6 4. Nc3 Bg7 5. Bg5 O-O 6. Qd2 Nc6 7. Rd1 d6 8. Bh6
Bxh6 9. Qxh6 e5 10. dxe5 Nxe5 11. Nh3 Qe7 12. O-O c6 13. Qd2 d5 14. Qd4 Nf7 15.
Nf4 Qe5 16. b4 Qxd4 17. Rxd4 Ne4 18. Nxe4 dxe4 19. h4 Nd8 20. f3 exf3 21. Bxf3
Ne6 22. Rd6 Kf7 23. a4 Ke7 24. Rfd1 Nxf4 25. gxf4 Be6 26. R6d4 Rad8 27. Kf2
Rxd4 28. Rxd4 Rd8 29. Ke3 Bd5 30. Bxd5 Rxd5 31. c4 Rxd4 32. Kxd4 Kd6 33. c5+
Ke6 34. Kc4 a6 35. Kd4 h5 {Schwarz bietet Remis an.} 36. e4 Kf6 37. e5+ Ke6 38.
Kc4 Ke7 39. b5 a5 40. Kd4 Ke6 1/2-1/2

[Event "4. Bayer Open"]
[Site "Leverkusen"]
[Date "2007.01.22"]
[Round "2"]
[White "Cordts, Ingo"]
[Black "Wolfradt, Dirk"]
[Result "1-0"]
[WhiteElo "2296"]
[BlackElo "2035"]
[PlyCount "50"]
[EventDate "2007.??.??"]
[EventType "swiss"]
[EventRounds "7"]
[EventCountry "GER"]
[Source "Manfred Birnkot"]
[SourceDate "2007.03.26"]

1. Nf3 d5 2. c4 Nf6 3. cxd5 Nxd5 4. e4 Nf6 5. Nc3 c5 6. d4 cxd4 7. Qxd4 Nfd7 8.
Bc4 Nc6 9. Qe3 e6 10. O-O Bc5 11. Qe2 O-O 12. Rd1 a6 13. Bg5 Qc7 14. a4 Nde5
15. Nxe5 Qxe5 16. Be3 b6 17. Kh1 Na5 18. f4 Qc7 19. Ba2 Bb7 20. Rac1 Rfd8 21.
b4 Bxe3 22. Qxe3 Nc4 23. Bxc4 Qxc4 24. Qxb6 Rxd1+ 25. Rxd1 h6 1-0

[Event "4. Bayer Open"]
[Site "Leverkusen"]
[Date "2007.01.22"]
[Round "?"]
[White "Keller, Karsten"]
[Black "Balduan, Markus"]
[Result "0-1"]
[WhiteElo "2077"]
[BlackElo "2299"]
[PlyCount "78"]
[EventDate "2007.??.??"]
[EventType "swiss"]
[EventRounds "7"]
[EventCountry "GER"]
[Source "Manfred Birnkot"]
[SourceDate "2007.03.26"]

1. c4 g6 2. Nf3 Nf6 3. Nc3 Bg7 4. e4 O-O 5. d4 c6 6. e5 Ne8 7. Bf4 d6 8. h3 Nd7
9. Be2 dxe5 10. dxe5 Qa5 11. O-O Nxe5 12. Re1 Nxf3+ 13. Bxf3 e5 14. Be3 Be6 15.
Rb1 Rd8 16. Qc1 Nd6 17. b4 Qc7 18. Bxa7 Nxc4 19. Bc5 Rfe8 20. b5 Nd2 21. bxc6
Nxf3+ 22. gxf3 Qxc6 23. Ne4 b5 24. Be3 Bc4 25. a4 f5 26. Nd2 Qd5 27. axb5 Bxb5
28. Qc5 Qxc5 29. Bxc5 Bc6 30. Rb6 Ba8 31. Nc4 Bxf3 32. Nd6 Re6 33. Nxf5 Rxb6
34. Bxb6 Rb8 35. Nxg7 Rxb6 36. Ne8 e4 37. Nc7 Rd6 38. Nb5 Rd5 39. Nc3 Rg5+ {
Weiss überschritt die Zeit.} 0-1

[Event "4. Bayer Open"]
[Site "Leverkusen"]
[Date "2007.01.22"]
[Round "2"]
[White "Scharff, Klaus"]
[Black "Mladenov, Svetlin"]
[Result "0-1"]
[WhiteElo "1922"]
[BlackElo "2304"]
[PlyCount "68"]
[EventDate "2007.??.??"]
[EventType "swiss"]
[EventRounds "7"]
[EventCountry "GER"]
[Source "Manfred Birnkot"]
[SourceDate "2007.03.26"]

1. d3 c5 2. e3 Nc6 3. Ne2 d5 4. Nd2 e5 5. h3 f5 6. e4 Nf6 7. exf5 Bxf5 8. g4
Be6 9. Ng3 Bd6 10. Bg2 h5 11. g5 h4 12. Ngf1 Nh5 13. Nf3 Nf4 14. Bxf4 exf4 15.
N1h2 Qd7 16. Qd2 O-O-O 17. Ng4 Kb8 18. O-O-O Bxg4 19. hxg4 Qxg4 20. Rhg1 Qf5
21. Rh1 h3 22. Bf1 Ne5 23. Be2 h2 24. d4 Nxf3 25. Bxf3 c4 26. Qa5 Bc7 27. Qb4
Qxg5 28. Rhe1 Rhe8 29. b3 Rxe1 30. Rxe1 cxb3 31. axb3 Qg1 32. c4 Re8 33. Kd1
Rxe1+ 34. Qxe1 Ba5 0-1

[Event "4. Bayer Open"]
[Site "Leverkusen"]
[Date "2007.01.22"]
[Round "2"]
[White "Ziabari, Morteza"]
[Black "Negele, Michael"]
[Result "0-1"]
[WhiteElo "1880"]
[BlackElo "2173"]
[PlyCount "118"]
[EventDate "2007.??.??"]
[EventType "swiss"]
[EventRounds "7"]
[EventCountry "GER"]
[Source "Manfred Birnkot"]
[SourceDate "2007.03.26"]

1. e4 e6 2. d4 d5 3. e5 c5 4. c3 Qb6 5. Nf3 Bd7 6. Bd3 cxd4 7. cxd4 Nc6 8. Bc2
Nb4 9. O-O Nxc2 10. Qxc2 Rc8 11. Nc3 Ne7 12. Be3 Nf5 13. Rad1 Be7 14. Kh1 O-O
15. Bc1 Rc4 16. Qd3 Bb4 17. g4 Ne7 18. a3 Bxc3 19. bxc3 Ba4 20. Rde1 Qb3 21.
Bd2 Qc2 22. Qe3 Rfc8 23. Qg5 R4c7 24. h4 Bb5 25. Rg1 Bd3 26. Rg3 Be4 27. Kh2 h6
28. Qe3 Qb3 29. Ng1 Qxa3 30. h5 Rf8 31. Qf4 Rc4 32. g5 Nf5 $2 33. gxh6 Nxg3 $2
34. hxg7 $2 (34. Qxg3 $1 $18) 34... Nxh5 35. gxf8=Q+ Qxf8 36. Qg5+ Qg7 37. Nh3
$6 Qxg5 38. Nxg5 Bg6 39. Rg1 Ng7 40. f4 Ra4 41. Rg2 Ra2 42. Kg1 a5 43. Kf1 a4
44. Ke2 a3 45. Rg1 Rb2 46. Ra1 a2 47. Nh3 Nf5 48. Nf2 Ng3+ 49. Kf3 Nf5 50. Bc1
$4 (50. Ke2 $11) 50... Rb1 51. Rxa2 Rxc1 52. Kg4 Rxc3 53. Kg5 Kg7 54. Ra7 Rg3+
55. Ng4 Ne3 56. Kh4 Rxg4+ 57. Kh3 Bf5 58. Rxb7 Rg6+ 59. Kh2 Nf1+ 0-1

[Event "4. Bayer Open"]
[Site "Leverkusen"]
[Date "2007.01.22"]
[Round "2"]
[White "Marcziter, Dmitrii"]
[Black "Birnkott, Manfred"]
[Result "1-0"]
[WhiteElo "2165"]
[BlackElo "1905"]
[PlyCount "107"]
[EventDate "2007.??.??"]
[EventType "swiss"]
[EventRounds "7"]
[EventCountry "GER"]
[Source "Manfred Birnkot"]
[SourceDate "2007.03.26"]

1. d4 d5 2. Nf3 Nf6 3. c4 c6 4. Nc3 e6 5. e3 Nbd7 6. Qc2 Bd6 7. g4 h6 8. Rg1
dxc4 9. Bxc4 Nb6 10. Be2 Qe7 11. h4 e5 12. g5 hxg5 13. hxg5 Nfd5 14. dxe5 Bxe5
15. Nxe5 Qxe5 16. Bd2 Bf5 17. e4 Nxc3 18. Bxc3 Qxe4 19. Qxe4+ Bxe4 20. Bxg7 Rg8
21. Bd4 Bf5 22. O-O-O O-O-O 23. Bh5 Be6 24. b3 Nd5 25. Bf3 b6 26. Kb2 Kb7 27.
Be4 Nf4 28. Be3 Rxd1 29. Rxd1 Rxg5 30. Rd6 Rg4 31. Bf3 Rh4 32. Rxc6 Nd5 33. Rd6
Kc7 34. Rxd5 Bxd5 35. Bxd5 f5 36. Kc3 Kd6 37. Bc4 Ke5 38. f4+ Ke4 39. Bd2 Rh3+
40. Kc2 a5 41. a4 Rg3 42. Ba6 Rh3 43. Bb7+ Kd4 44. Bg2 Rg3 45. Bf1 Ke4 46. Bc1
Kd4 47. Bb2+ Kc5 48. Be5 Kd5 49. Bd3 Rg2+ 50. Kc3 Rg3 51. Kd2 Rg2+ 52. Ke3 Rg3+
53. Ke2 Ke6 54. Bd4 1-0

[Event "4. Bayer Open"]
[Site "Leverkusen"]
[Date "2007.01.22"]
[Round "2"]
[White "Ljuboschitz, Alexander"]
[Black "Gnass, Arno"]
[Result "1-0"]
[WhiteElo "2102"]
[BlackElo "1783"]
[PlyCount "41"]
[EventDate "2007.??.??"]
[EventType "swiss"]
[EventRounds "7"]
[EventCountry "GER"]
[Source "Manfred Birnkot"]
[SourceDate "2007.03.26"]

1. e4 e5 2. Nf3 Nf6 3. Nc3 Bb4 4. Nxe5 Qe7 5. Nd3 Bxc3 6. dxc3 Qxe4+ 7. Be2 O-O
8. O-O d6 9. Re1 Nc6 10. Bf3 Qf5 11. h3 h5 12. Be3 Bd7 13. Bd4 Nxd4 14. cxd4
Rab8 15. c4 b6 16. Nb4 Qa5 17. Nc6 Bxc6 18. Bxc6 Qf5 19. Qb1 Qf4 20. Qd3 g5 $4
21. g3 1-0

[Event "4. Bayer Open"]
[Site "Leverkusen"]
[Date "2007.01.22"]
[Round "2"]
[White "Wirths, Clara"]
[Black "Krauth, Alexander"]
[Result "1/2-1/2"]
[WhiteElo "1901"]
[BlackElo "2102"]
[PlyCount "91"]
[EventDate "2007.??.??"]
[EventType "swiss"]
[EventRounds "7"]
[EventCountry "GER"]
[Source "Manfred Birnkot"]
[SourceDate "2007.03.26"]

1. e4 c6 2. d4 d5 3. Nc3 dxe4 4. Nxe4 Bf5 5. Ng3 Bg6 6. N1e2 h6 7. Nf4 Bh7 8.
c3 Nf6 9. Bd3 Bxd3 10. Nxd3 e6 11. Qe2 Be7 12. O-O Nbd7 13. f4 g6 14. Re1 Nf8
15. Be3 h5 16. Bf2 h4 17. Ne4 Nxe4 18. Qxe4 Qd5 19. Ne5 Nd7 20. c4 Qxe4 21.
Rxe4 Nf6 22. Re2 Rd8 23. Nf3 Nh5 24. Re4 Ng7 25. Rd1 Nf5 26. b3 Kf8 27. g3 hxg3
28. hxg3 Kg7 29. Ree1 Bf6 30. Kg2 Nh6 31. Ne5 a6 32. Kf3 g5 33. Ng4 Nxg4 34.
Kxg4 Rh2 35. fxg5 Rxf2 36. gxf6+ Rxf6 37. Rd2 Kg6 38. Re5 Rf1 39. Rg5+ Kf6 40.
d5 cxd5 41. cxd5 e5 42. Rh2 Rxd5 43. Rh6+ Ke7 44. Rb6 Rd4+ 45. Kh3 Rd7 46.
Rxe5+ 1/2-1/2

[Event "4. Bayer Open"]
[Site "Leverkusen"]
[Date "2007.01.22"]
[Round "2"]
[White "Hess, Christian"]
[Black "Schläfer, Roland"]
[Result "1/2-1/2"]
[WhiteElo "2036"]
[BlackElo "1973"]
[PlyCount "57"]
[EventDate "2007.??.??"]
[EventType "swiss"]
[EventRounds "7"]
[EventCountry "GER"]
[Source "Manfred Birnkot"]
[SourceDate "2007.03.26"]

1. d4 Nf6 2. Nf3 e6 3. Bg5 Be7 4. Nbd2 b6 5. e4 d5 6. Bd3 dxe4 7. Nxe4 Bb7 8.
Qe2 Nbd7 9. h4 h6 10. Bf4 Nd5 11. Bd2 Nb4 12. Bxb4 Bxb4+ 13. c3 Be7 14. O-O-O
c6 15. Ne5 Nxe5 16. dxe5 Qc7 17. f4 O-O-O 18. h5 c5 19. Qg4 Rxd3 20. Rxd3 Bxe4
21. Re3 Qc6 22. Qxg7 Rd8 23. Qxf7 Bf5 24. Rd1 Rxd1+ (24... Qxg2 $19) 25. Kxd1
Qa4+ 26. b3 Qxf4 27. Qxe7 {Weiss bietet Remis an.} Qxe3 28. Qe8+ Kc7 29. Qf7+
1/2-1/2

[Event "4. Bayer Open"]
[Site "Leverkusen"]
[Date "2007.01.22"]
[Round "2"]
[White "Reinemer, Frank"]
[Black "Glaser, Steffen"]
[Result "1-0"]
[WhiteElo "2097"]
[BlackElo "1936"]
[PlyCount "123"]
[EventDate "2007.??.??"]
[EventType "swiss"]
[EventRounds "7"]
[EventCountry "GER"]
[Source "Manfred Birnkot"]
[SourceDate "2007.03.26"]

1. d4 Nf6 2. c4 e5 3. dxe5 Ng4 4. e4 Nxe5 5. f4 Nec6 6. Be3 Bb4+ 7. Nd2 Qe7 8.
Qc2 d6 9. Ngf3 f5 10. Bd3 Bxd2+ 11. Nxd2 Nb4 12. Qa4+ N8c6 13. Bb1 Bd7 14. a3
Na6 15. Qc2 Nc5 16. b4 Nxe4 17. Nxe4 fxe4 18. Qxe4 Qxe4 19. Bxe4 O-O-O 20. Kf2
Rde8 21. Bf3 a6 22. Rac1 h5 23. b5 Nb8 24. b6 Bc6 25. bxc7 Kxc7 26. c5 Bxf3 27.
cxd6+ Kxd6 28. Kxf3 Nc6 29. Rhd1+ Ke6 30. Bb6 Re7 31. Rc3 Rhe8 32. Bc5 Rc7 33.
Re3+ Kf7 34. Rxe8 Kxe8 35. Rd5 g6 36. f5 Kf7 37. Kf4 Ne7 38. Bxe7 Rxe7 39. Kg5
gxf5 40. Rxf5+ Kg7 41. Kxh5 b5 42. Kg4 Rb7 43. h4 a5 44. Rf3 b4 45. axb4 Rxb4+
46. Kh3 a4 47. g3 Kg6 48. Rc3 Kh6 49. Rc6+ Kg7 50. Ra6 Rc4 51. h5 Rb4 52. g4
Rb3+ 53. Kh4 a3 54. Ra7+ Kf6 55. g5+ Kf5 56. Ra5+ Ke6 57. h6 Kf7 58. Ra7+ Kg6
59. Rg7+ Kf5 60. h7 Rb1 61. Rf7+ Kg6 62. h8=N# $1 1-0

[Event "4. Bayer Open"]
[Site "Leverkusen"]
[Date "2007.01.22"]
[Round "2"]
[White "Proba, Stefan"]
[Black "Werbeck, Thorsten"]
[Result "1/2-1/2"]
[WhiteElo "1882"]
[BlackElo "2102"]
[PlyCount "41"]
[EventDate "2007.??.??"]
[EventType "swiss"]
[EventRounds "7"]
[EventCountry "GER"]
[Source "Manfred Birnkot"]
[SourceDate "2007.03.26"]

1. d4 Nf6 2. c4 c5 3. d5 b5 4. a4 bxc4 5. Nc3 d6 6. e4 g6 7. Bxc4 Bg7 8. f4 O-O
9. Nf3 Bg4 10. h3 Bxf3 11. Qxf3 Nbd7 12. O-O Ne8 13. g4 a6 14. Qe2 Qb6 15. a5
Qb7 16. Be3 Nc7 17. e5 dxe5 18. f5 Rab8 19. fxg6 hxg6 20. Bg5 Nf6 21. d6
1/2-1/2

[Event "4. Bayer Open"]
[Site "Leverkusen"]
[Date "2007.01.22"]
[Round "2"]
[White "Pützkaul, Karl"]
[Black "Mroczek, Mathias"]
[Result "1-0"]
[WhiteElo "1874"]
[BlackElo "2024"]
[PlyCount "74"]
[EventDate "2007.??.??"]
[EventType "swiss"]
[EventRounds "7"]
[EventCountry "GER"]
[Source "Manfred Birnkot"]
[SourceDate "2007.03.26"]

1. d4 e6 2. e4 d5 3. Nc3 Nf6 4. Bg5 Bb4 5. e5 h6 6. Bd2 Bxc3 7. bxc3 Ne4 8. Qg4
g6 9. Bd3 Nxd2 10. Kxd2 c5 11. Nf3 c4 12. Be2 Bd7 13. h4 b5 14. Qf4 Bc6 15. Nh2
Nd7 16. Ng4 h5 17. Ne3 Qe7 18. a3 Kd8 19. Bf3 Rb8 20. g4 hxg4 21. Nxg4 a5 22.
Nf6 Nxf6 23. exf6 Qc7 24. Qe5 Kd7 25. h5 Qxe5 26. dxe5 d4 27. Bxc6+ Kxc6 28.
hxg6 dxc3+ 29. Kxc3 fxg6 30. f4 Rxh1 31. Rxh1 Kd5 32. Rg1 b4+ 33. axb4 axb4+
34. Kd2 Ke4 35. Rxg6 Kxf4 36. f7 Rf8 37. Rxe6 Rxf7 1-0

[Event "4. Bayer Open"]
[Site "Leverkusen"]
[Date "2007.01.22"]
[Round "2"]
[White "Weiler, Wolfgang"]
[Black "Schmitz, Andreas"]
[Result "1/2-1/2"]
[WhiteElo "2070"]
[BlackElo "1880"]
[PlyCount "151"]
[EventDate "2007.??.??"]
[EventType "swiss"]
[EventRounds "7"]
[EventCountry "GER"]
[Source "Manfred Birnkot"]
[SourceDate "2007.03.26"]

1. Nf3 d5 2. d4 e6 3. e3 Nf6 4. Bd3 c5 5. b3 cxd4 6. exd4 Be7 7. O-O Nc6 8. a3
Qc7 9. Bb2 O-O 10. Nbd2 b6 11. Ne5 Nxe5 12. dxe5 Nd7 13. f4 f5 14. exf6 Bxf6
15. Bxf6 Rxf6 16. Qh5 Nf8 17. Qe5 Qxe5 18. fxe5 Rxf1+ 19. Rxf1 Bd7 20. Nf3 Rc8
21. Nd4 Be8 22. Kf2 Kf7 23. Ke3+ Ke7 24. a4 Bg6 25. Nb5 Bxd3 26. cxd3 Ng6 27.
d4 Nh8 28. Kd3 a6 29. Nd6 Rb8 30. g3 Rd8 31. Rc1 Kd7 32. b4 Rb8 33. Ke3 Ng6 34.
h4 Nh8 35. h5 Rf8 36. Rh1 Ke7 37. Rc1 Kd7 38. Rc2 Ra8 39. g4 Rf8 40. g5 Rb8 41.
Rg2 Rf8 42. Rf2 Rxf2 43. Kxf2 g6 44. h6 b5 45. axb5 axb5 46. Kg3 Ke7 47. Kf4
Nf7 48. Nxb5 Nd8 49. Na3 Nc6 50. Nc2 Kd7 51. Ke3 Kc7 52. Kd3 Kb6 53. Kc3 Kb5
54. Ne3 Nd8 55. Ng2 Nf7 56. Nf4 Nxg5 57. Kb3 Nf7 58. Nxe6 Nxh6 59. Nf4 Nf5 60.
Kc3 Ne7 61. Ne6 h6 62. Nf4 g5 63. Nh5 g4 64. Ng3 Nc6 65. e6 Ne7 66. Nh5 Kc6 67.
Kd3 Kd6 68. Nf4 h5 69. Nxh5 Kxe6 70. Ng3 Kd6 71. Ke3 Kc6 72. Kf4 Kb5 73. Kxg4
Kxb4 74. Nf5 Nc6 75. Ne3 Nxd4 76. Nxd5+ 1/2-1/2